Endocrinología sexual femenina / (Record no. 38233)

MARC details
000 -LEADER
campo de control de longitud fija 00664nam a2200193 i 4500
001 - NÚMERO DE CONTROL
campo de control 38233
003 - IDENTIFICADOR DE NÚMERO DE CONTROL
campo de control ES-MaACL
005 - FECHA Y HORA DE LA ÚLTIMA TRANSACCIÓN
campo de control 20230906155725.0
007 - CAMPO FIJO DE DESCRIPCIÓN FÍSICA--INFORMACIÓN GENERAL
campo de control de longitud fija t|
008 - DATOS DE LONGITUD FIJA--INFORMACIÓN GENERAL
campo de control de longitud fija 030225s1947 ag ||||1| spa d
100 1# - ENTRADA PRINCIPAL--NOMBRE DE PERSONA
Nombre de persona Calatroni, Carlos J.
9 (RLIN) 33552
245 10 - MENCIÓN DEL TÍTULO
Título Endocrinología sexual femenina /
Mención de responsabilidad, etc. Carlos J. Calatroni, Vicente Ruiz, Guillermo di Paola ; prólogo de Bernardo A. Houssay.
260 ## - PUBLICACIÓN, DISTRIBUCIÓN, ETC.
Lugar de publicación, distribución, etc. Buenos Aires :
Nombre del editor, distribuidor, etc. "El Ateneo",
Fecha de publicación, distribución, etc. 1947 (
Fabricante Ferrari Hnos.)
300 ## - DESCRIPCIÓN FÍSICA
Extensión XII, 724 p. :
Otras características físicas il. ;
Dimensiones 27 cm.
700 1# - ENTRADA AGREGADA--NOMBRE PERSONAL
Nombre de persona Ruiz, Vicente.
9 (RLIN) 100633
700 1# - ENTRADA AGREGADA--NOMBRE PERSONAL
Nombre de persona Di Paola, Guillermo.
9 (RLIN) 44084
700 1# - ENTRADA AGREGADA--NOMBRE PERSONAL
Nombre de persona Houssay, Bernardo A.
9 (RLIN) 64352
852 ## - LOCALIZACIÓN
Ubicación ES-MaACL
Número de control de estantería E-1528
Sublocalización o colección R.28711
Holdings
Estatus retirado Estado de pérdida Estado de daño No para préstamo Biblioteca de origen Biblioteca actual Ubicación en estantería Fecha de adquisición Fuente de adquisición Total de préstamos Signatura topográfica completa Código de barras Visto por última vez Precio de reemplazo Tipo de ítem Koha
        Biblioteca del Ateneo de Madrid Biblioteca del Ateneo de Madrid Depósito 2 17/01/2008     E-1528 1040246 23/02/2023 23/02/2023 Libro impreso